LEADER 01343nam a2200241 i 4500 001 000000201774 003 CaOOAMICUS 005 20110505000000.0 008 110505s1923 it u000 u ita u 013 $a180480 040 $aSeMil$bita 100 1 $aJones, Harry C.$0(OLS)http://semarc/name/72913 245 10$aTrattato di chimica fisica /$cHarry C. Jones Professore di Chimica fisica nella Università John Hopkins di Baltimora ; Seconda edizione italiana a cura di Michele Giua. Professore incaricato di Chimica organica nel R. Politecnico di Torino, Libero docente di Chimica generale nella R. Università di Torino ; Con prefazione del Prof. Ettore Molinari. 260 $aMilano :$bUlrico Hoepli,$c1923. 300 $aXXIII, 731 p., [4] p. di tav. :$bill. ;$c24 cm. 500 $aIn mezzo al front : 90 incisioni nel testo e 4 tavole a colori fuori testo. 650 4$aChimica fisica.$0(OLS)http://semarc/subject/37902 700 1 $aMolinari, Ettore <1867-1926>.$0(OLS)http://semarc/name/72809 700 1 $aGiua, Michele,$d<1889-1966>.$0(OLS)http://semarc/name/72914 850 $aSeMil 852 $aSeMil$W1$xVenegono$y1$m3W III 214$j152300$B152300$CSeMilBibl$Z2$F163425 $81 996 $6245$aTrattato di chimica fisica$9(OLS)http://semarc/title/292045 996 $6260$aMilano :$bUlrico Hoepli$9(OLS)http://semarc/publisher/29765 LEADER 00821nam a2200205 i 4500 001 000000205480 003 CaOOAMICUS 005 20110823000000.0 008 110823s1946 it u000 u ita u 013 $a184217 040 $aSeMil$bita 100 1 $aReale, Egidio.$0(OLS)http://semarc/name/73960 245 13$aLa Svizzera :$bun piccolo popolo un grande esempio /$cEgidio Reale. 260 $aLugano :$bGhilda del Libro,$c1946. 300 $a199 p., [12] p. di tav. ;$c23 cm. 650 4$aSvizzera.$0(OLS)http://semarc/subject/8424 850 $aSeMil 852 $aSeMil$W1$xVenegono$y1$m3V II 194$j155974$B155974$CSeMilBibl$Z2$F167319 $81 996 $6245$aLa Svizzera :$bun piccolo popolo un grande esempio$9(OLS)http://semarc/title/297420 996 $6260$aLugano :$bGhilda del Libro$9(OLS)http://semarc/publisher/52019